Statistiken für Geteilte Inseln

Klicken Sie hier um das Quiz zu spielen!

Allgemein

  • Dieses Quiz wurde 194 mal gespielt
  • Das Durchschnittsergebnis liegt bei 5 aus 9

Antwortstatistiken

LänderGröße in km²EinwohnerInsel% Korrekt
Brunei, Indonesien, Malaysia743.12216.000.000Borneo
82%
Dominikanische Republik, Haiti74.70018.500.000Hispaniola
82%
Indonesien, Papua Neuguinea786.0007.100.000Neuguinea
82%
Irland, Vereinigtes Königreich84.4215.600.000Irland
80%
Deutschland, Polen44576.500Usedom
60%
Indonesien, Osttimor33.8502.900.000Timor
58%
Argentinien, Chile47.992200.000Feuerland
48%
Frankreich, Niederlande9368.400Saint-Marten bzw. Sint Marteen
39%
Indonesien, Malaysia45220.000Pulau Sebatik
1%

Verteilung der Resultate

Perzentil nach korrekt beantworteten Fragen

Anzahl Personen mit jedem Resultat

Ihre Resultats-Entwicklung

Sie haben dieses Quiz noch nicht gespielt